00585nam a2200169 a 450000100100000000500170001000800410002704000250006811000320009324000180012524500390014326000580018230000200024071000320026095201060029299900170039800003816920201002031203.0130320s2001 dr 000 0 spa d aDO-SdBNPbspacBNPHU1 aRepública Dominicana944710a[Leyes, etc.]10aDefensor del pueblo ley no. 19-01. aSanto Domingo :bParticipación Ciudadana ,c[2001]. a16 p. ;c20 cm.1 aRepública Dominicana9447 00107-18PDaPDbPDcOId2013-03-20iLF1l0o p38169-10r2020-06-25w2020-06-25yLFPDZNo se presta c37659d37659